Agua y sociedad /

保存先:
書誌詳細
第一著者: Vasconez Suarez, Mario
その他の著者: Comp
フォーマット: テキスト
出版事項: Quito: Ciudad
タグ: タグ追加
タグなし, このレコードへの初めてのタグを付けませんか!

MARC

LEADER 00000 a a2200000 04500
001 24463
003
040
090 |a 166900  
100 |a Vasconez Suarez, Mario  
245 |a Agua y sociedad /  |c Mario Vasconez Suarez 
260 |a Quito:   |b Ciudad  
300 |a 100 p.   |b **no definido**  
700 |a Comp.  
999 |c 14851  |d 14851